Histoire de la justicie criminelle au seizème siècle

Сохранить в:
Библиографические подробности
Главный автор: Allard, Albéric (Автор)
Формат:
Язык:французский
Опубликовано: París A. Durand 1868
Предметы:
Метки: Добавить метку
Нет меток, Требуется 1-ая метка записи!

MARC

LEADER 00000nam a2200000 a 4500
001 UCR2504
003 CL-VaPUC
008 980112e18680000FR |||||||||||||||||fre|d
082 0 4 |a 345.05  |b ALL  |2 21 
100 0 |a Allard, Albéric  |e author  |9 400362 
245 1 0 |a Histoire de la justicie criminelle au seizème siècle 
300 |a 525 p 
942 |c BK 
945 |d 19980112 00:00:00  |a crobeson 
260 |a París  |b A. Durand  |c 1868 
600 0 7 |a FELIPE II  |2 CL-VaPUC  |9 314006 
650 7 |a DERECHO PENAL  |2 CL-VaPUC  |9 11 
650 7 |a HISTORIA DEL DERECHO S. 16  |2 CL-VaPUC  |9 400363 
650 7 |a JUSTICIA HISTORIA  |2 CL-VaPUC  |9 400364 
650 0 |a Derecho comparado  |9 255664 
651 0 |a Francia  |9 255157 
651 0 |a Italia  |9 254949 
651 0 |a España  |9 254926 
651 0 |a Alemania  |9 255688 
651 0 |a Países Bajos   |9 267235 
583 |a last modification  |c 19980112 00:00:00  |k Rodrigo Vera 
999 |c 265639  |d 265637 
952 |0 0  |1 0  |4 0  |6 345_050000000000000_ALL_1868  |7 0  |8 DER_HIS  |9 296645  |a BIBDER  |b BIBDER  |d 2019-11-20  |i 1924184  |l 1  |o 345.05 ALL 1868  |p 1924184  |r 2023-01-25  |s 2020-03-17  |w 2019-11-20  |x Ubicación 4to Piso  |y BK_X  |z Estos recursos deben solicitarse con anticipación  |k DER